Lingüística aplicada

Gardado en:
Detalles Bibliográficos
Main Authors: Marcos Marín, Francisco Adolfo (autor), Sánchez Lobato, Jesús (Author)
Formato: Libro
Idioma:Lingua castelá
Publicado: Madrid Síntesis 1991
Series:Colección Lingüística, 17
Subjects:
Tags: Engadir etiqueta
Sen Etiquetas, Sexa o primeiro en etiquetar este rexistro!

MARC

LEADER 00000nam a2200000 a 4500
001 UCP6341
003 CL-VaPUC
008 991021e19910000SP |||||||||||||||||spa|d
020 |a 8477380066 
082 0 4 |a 418  |b MAR  |2 21 
100 |a Marcos Marín, Francisco Adolfo  |e autor  |9 421725 
700 0 |a Sánchez Lobato, Jesús  |e author  |9 435429 
245 1 0 |a Lingüística aplicada 
300 |a 166 p 
942 |c BK 
945 |d 19991021 00:00:00  |a rbrito 
260 |a Madrid  |b Síntesis  |c 1991 
650 0 |a Lingüística aplicada   |9 313266 
650 0 |a Lingüística  |9 265068 
650 0 |a Lenguaje y lenguas  |9 265846 
583 |a last modification  |c 19991021 00:00:00  |k Rodrigo Vera 
490 0 |a Colección Lingüística, 17 
999 |c 283931  |d 283929 
952 |0 0  |1 0  |4 0  |6 418_000000000000000_MAR_1991  |7 0  |8 A  |9 327477  |a BIBEDU  |b BIBEDU  |c ES_NOD  |d 2019-11-20  |i 3573915  |o 418 MAR 1991  |p 3573915  |r 2023-08-09  |w 2019-11-20  |y BK  |k CIT 
952 |0 0  |1 0  |4 0  |6 418_000000000000000_MAR_1991  |7 0  |8 A  |9 327478  |a BIBEDU  |b BIBEDU  |c ES_NOD  |d 2019-11-20  |i 4113144  |l 1  |o 418 MAR 1991  |p 4113144  |r 2023-08-09  |s 2023-05-31  |w 2019-11-20  |y BK  |k LIT